Every Song by Surf Curse - Statistics

General Stats
  • This quiz has been taken 51 times
    42 since last reset
  • The average score is 23 of 49
Answer Stats
Album Song % Correct
Buds(2013) Freaks
91%
Heaven Surrounds You(2019) Disco
87%
Buds(2013) Chloe Kelly
65%
Buds(2013) In My Head Till I'm Dead
65%
Buds(2013) Goth Babe
61%
Buds(2013) Fire Walk with Me
57%
Sad Boys(2013) I'm Not Making Out with You
57%
Nothing Yet(2017) Christine F
52%
Buds(2013) Heathers
52%
Heaven Surrounds You(2019) Labyrinth
52%
Magic Hour(2022) Sugar
52%
Nothing Yet(2017) All is Lost
48%
Sad Boys(2013) Beach Whatever
48%
Heaven Surrounds You(2019) Dead Ringers
48%
Heaven Surrounds You(2019) Jamie
48%
Heaven Surrounds You(2019) Maps to the Stars
48%
Heaven Surrounds You(2019) Opera
48%
Heaven Surrounds You(2019) Safe
48%
Magic Hour(2022) Self Portrait
48%
Buds(2013) The Smell Saved My Life
48%
Heaven Surrounds You(2019) Trust
48%
Nothing Yet(2017) Cronenberg
43%
Nothing Yet(2017) Doom Generation
43%
Buds(2013) Dreamin' Wild
43%
Magic Hour(2022) Fear City
43%
Sad Boys(2013) Forever Dumb
43%
Heaven Surrounds You(2019) Hour of the Wolf
43%
Heaven Surrounds You(2019) Memory
43%
Heaven Surrounds You(2019) Midnight Cowboy
43%
Buds(2013) Ponyboy
43%
Heaven Surrounds You(2019) River's Edge
43%
Nothing Yet(2017) The Strange and the Kind
43%
Magic Hour(2022) TVI
43%
Magic Hour(2022) Cathy
39%
Magic Hour(2022) Arrow
39%
Nothing Yet(2017) Falling Apart
39%
Sad Boys(2013) Haunt Me
39%
Magic Hour(2022) Little Rock ‘n’ Roller
39%
Magic Hour(2022) Randall Flagg
39%
Sad Boys(2013) Skullder
39%
Nothing Yet(2017) Sleeping
39%
Magic Hour(2022) Strange
39%
Magic Hour(2022) Unwell
39%
Nothing Yet(2017) It Followed Me
35%
Magic Hour(2022) Lost Honor
35%
Nothing Yet(2017) Nostalgia
35%
Magic Hour(2022) No Tomorrows
35%
Sad Boys(2013) Reality Bites
30%
Buds(2013) Bummer Fields
13%
No matching quizzes found
Score Distribution
Percent of People with Each Score
Percentile by Number Answered
Your Score History
You have not taken this quiz since the last reset